Financial management (Record no. 11799)

000 -LEADER
fixed length control field 00504nam a22001817a 4500
008 - FIXED-LENGTH DATA ELEMENTS--GENERAL INFORMATION
fixed length control field 210111b ||||| |||| 00| 0 eng d
020 ## - INTERNATIONAL STANDARD BOOK NUMBER
International Standard Book Number 0070964653
082 ## - DEWEY DECIMAL CLASSIFICATION NUMBER
Classification number 658.150954
Item number KHA
100 ## - MAIN ENTRY--PERSONAL NAME
Personal name Khan, M. Y.
245 ## - TITLE STATEMENT
Title Financial management
260 ## - PUBLICATION, DISTRIBUTION, ETC. (IMPRINT)
Place of publication, distribution, etc New Delhi
Name of publisher, distributor, etc Tata McGraw Hill Publishing Co. Ltd.
Date of publication, distribution, etc 1985
300 ## - PHYSICAL DESCRIPTION
Extent xii, 771p.
Other physical details Pbc
650 ## - SUBJECT ADDED ENTRY--TOPICAL TERM
Topical term or geographic name as entry element Corporations--Finance
650 ## - SUBJECT ADDED ENTRY--TOPICAL TERM
Topical term or geographic name as entry element Managerial accounting
650 ## - SUBJECT ADDED ENTRY--TOPICAL TERM
Topical term or geographic name as entry element Business enterprises--Finance
700 ## - ADDED ENTRY--PERSONAL NAME
Personal name Jain, P. K.
942 ## - ADDED ENTRY ELEMENTS (KOHA)
Item type Books
Holdings
Withdrawn status Lost status Source of classification or shelving scheme Damaged status Not for loan Collection code Permanent location Current location Shelving location Date acquired Full call number Barcode Date last seen Koha item type Public note
          Non-fiction IMU-MPC Library IMU-MPC Library General Stacks 2021-01-11 658.150954 KHA MPCG0307 2025-03-17 Books Column-61
Copyright © 2021 Indian Maritime University, Mumbai Port Campus. All Rights Reserved. Managed & Maintained by Central Library, IMU-Mumbai

webs counters

Powered by Koha